Catálogo

Vista normal Vista MARC

Entrada Personal Name

Número de registros utilizados en: 1

001 - CONTROL NUMBER

  • control field: 9157

003 - CONTROL NUMBER IDENTIFIER

  • control field: DLC

005 - DATE AND TIME OF LATEST TRANSACTION

  • control field: 20190401093128.0

008 - FIXED-LENGTH DATA ELEMENTS

  • fixed length control field: 131107n| azannaabn a aaa c

010 ## - LIBRARY OF CONGRESS CONTROL NUMBER

  • LC control number: ns2013003859

035 ## - SYSTEM CONTROL NUMBER

  • System control number: (CaEvSKY)skya10326595

040 ## - CATALOGING SOURCE

  • Original cataloging agency: MX-MxITA
  • Language of cataloging: spa
  • Description conventions: rda
  • Transcribing agency: Mx-PuUPA
  • Modifying agency: Mx-PuUPA

100 1# - HEADING--PERSONAL NAME

  • Personal name: Domínguez Domínguez, Jorge,

372 ## - FIELD OF ACTIVITY

  • Field of activity: Diseño experimental

373 ## - ASSOCIATED GROUP

  • Associated group: Centro de Investigación en Matemáticas
  • Associated group: Instituto Politécnico Nacional
  • Associated group: Universidad Nacional Autónoma de México
  • Associated group: Universidad Politécnica de de Valencia
  • Associated group: Centro de Investigaciones en Matemáticas

374 ## - OCCUPATION

  • Occupation: Autor
  • Occupation: Licenciado en Física y Matemáticas
  • Occupation: Doctor en matemáticas
  • Occupation: Investigador

375 ## - GENDER

  • Gender: hombre

377 ## - ASSOCIATED LANGUAGE

  • Language code: spa

400 1# - SEE FROM TRACING--PERSONAL NAME

  • Personal name: Domínguez, Jorge Domínguez

670 ## - SOURCE DATA FOUND

  • Source citation: Memorias del IV Foro de Estadística, 1990:
  • Information found: title page (Jorge Domínguez Domínguez; Centro de Investigación en Matemáticas)

670 ## - SOURCE DATA FOUND

  • Source citation: Diseño de experimentos. estrategias y análisis en ciencias e ingenierías, 2016
  • Information found: portada (Jorge Domínguez Domínguez)

670 ## - SOURCE DATA FOUND

  • Source citation: Biblioteca del congreso (Estados Unidos), 01 abril 2019:
  • Information found: catálogo electrónico
  • Uniform Resource Identifier: https://goo.gl/t6HR9c